Oracion panegyrica historial recuerdo, que en las honras del Eminmo. Señor Don Fray Francisco Ximenez de Cisneros... unico fundador de las escuelas de Alcalà D. y D. al Illustrissimo Señor Rector y Colegio Mayor de San Ildefonso, de la Universidad de Alcala de Henares el M. R. Padre Maestro Fray Lucas de la Madre de Dios, Carmelita descalço, y predicador mayor de su Convento de Madrid

Detalles Bibliográficos
Autor principal: Lucas de la Madre de Dios
Formato: Libro
Lenguaje:Undetermined
Spanish
Publicado: Madrid : por Doña Maria Rey, viuda de Diego Diaz de la Carrera, 1668.
Materias:
Colección:Banco de datos
Acervo:Biblioteca Palafoxiana. Colección bibliográfica
Descripción Física:[3], 12 h. ; 4°
Tema general:Homilética
Notas:Marca de fuego: Colegio de San Juan. Número de localización: 24243-R
LEADER 00994nam a2200181Ia 4500
008 150723s9999 xx 000 0 und d
041 0 |a spa 
050 0 |a PAFX CT31 G3 
100 1 |a Lucas de la Madre de Dios 
245 1 0 |a Oracion panegyrica historial recuerdo, que en las honras del Eminmo. Señor Don Fray Francisco Ximenez de Cisneros... unico fundador de las escuelas de Alcalà D. y D. al Illustrissimo Señor Rector y Colegio Mayor de San Ildefonso, de la Universidad de Alcala de Henares el M. R. Padre Maestro Fray Lucas de la Madre de Dios, Carmelita descalço, y predicador mayor de su Convento de Madrid 
260 |a Madrid : por Doña Maria Rey, viuda de Diego Diaz de la Carrera, 1668. 
300 |a [3], 12 h. ; 4° 
500 |a Marca de fuego: Colegio de San Juan. Número de localización: 24243-R 
501 |a Encuadernado con 22 obras y 2 manuscritos 
650 1 0 |a Homilética 
942 |c PALALIB 
943 |g Biblioteca Palafoxiana. Colección bibliográfica 
999 |c 1053810  |d 1053810